000 00402 a2200169 4500
001 49762
020 _a8508037473
040 _cAnchieta - Bela Vista
100 _aDeclaração dos Direitos da Criança
240 1 0 _aOs direitos da criança
_lpor
245 1 0 _aOs direitos da criança
300 _a24
362 0 _a1990
440 1 _aÁtica
650 4 _aLiteratura infanto-juvenil
942 _cBK
999 _c49762
_d49762